Annual Report 2008 : Faculty of Civil Engineering
Guardado en:
| Formato: | Libro |
|---|---|
| Lenguaje: | inglés |
| Publicado: |
Bratislava:
STU v Bratislave SvF,
2009
|
| Etiquetas: |
Sin Etiquetas, Sea el primero en etiquetar este registro!
|
MARC
| LEADER | 00000nam a22000003a 4500 | ||
|---|---|---|---|
| 001 | 0014210 | ||
| 003 | SK-STU | ||
| 005 | 20160503143325.3 | ||
| 007 | ta | ||
| 008 | 160503s ----xo-----e------000-0-----d | ||
| 040 | |a STU |b slo | ||
| 041 | 0 | |a eng |h eng | |
| 044 | |a xo | ||
| 245 | 1 | 0 | |a Annual Report 2008 : |b Faculty of Civil Engineering |
| 260 | |a Bratislava: |b STU v Bratislave SvF, |c 2009 | ||
| 300 | |a 117 s. | ||
| 996 | |b 284V037048 |c V* 9317/K-2397 |l VVT |s A |a 24 |w 0014210_0001 | ||